Franco Antonio Mastrolia, La pesca delle spugne nel Mediterraneo (1900-1939). Produzione, commercio, mercati e legislazione Naples, Edizioni scientifiche italiane, 2016, 322 p. et 8 p. de pl. (notice n° 1592587)
[ vue normale ]
| 000 -LEADER | |
|---|---|
| fixed length control field | 00627cam a2200145 4500500 |
| 005 - DATE AND TIME OF LATEST TRANSACTION | |
| control field | 20251228070407.0 |
| 041 ## - LANGUAGE CODE | |
| Language code of text/sound track or separate title | fre |
| 042 ## - AUTHENTICATION CODE | |
| Authentication code | dc |
| 100 10 - MAIN ENTRY--PERSONAL NAME | |
| Personal name | Faget, Daniel |
| Relator term | author |
| 245 00 - TITLE STATEMENT | |
| Title | Franco Antonio Mastrolia, La pesca delle spugne nel Mediterraneo (1900-1939). Produzione, commercio, mercati e legislazione Naples, Edizioni scientifiche italiane, 2016, 322 p. et 8 p. de pl. |
| 260 ## - PUBLICATION, DISTRIBUTION, ETC. | |
| Date of publication, distribution, etc. | 2018.<br/> |
| 500 ## - GENERAL NOTE | |
| General note | 6 |
| 786 0# - DATA SOURCE ENTRY | |
| Note | Annales. Histoire, Sciences Sociales | 72e aée | 2 | 2018-02-22 | p. 543-545 | 0395-2649 |
| 856 41 - ELECTRONIC LOCATION AND ACCESS | |
| Uniform Resource Identifier | <a href="https://shs.cairn.info/revue-annales-2017-2-page-543?lang=fr&redirect-ssocas=7080">https://shs.cairn.info/revue-annales-2017-2-page-543?lang=fr&redirect-ssocas=7080</a> |
Pas d'exemplaire disponible.




Réseaux sociaux